Statistics for Louisiana Tech Basketball: Top 10 All-Time Leaders

Click here to take the quiz!

General Stats

  • This quiz has been taken 5 times
    (1 since last reset)
  • The average score is 10 of 91

Answer Stats

Category#PlayerAmount% Correct
Points Per Game3Karl Malone18.7
100%
Steals7Karl Malone151
100%
Rebounds4Karl Malone859
100%
Field Goal Percent6Karl Malone56.6%
100%
Points7Karl Malone1,716
100%
Points Per Game4Paul Millsap18.6
100%
Blocks4Paul Millsap183
100%
Rebounds1Paul Millsap1,172
100%
Field Goal Percent3Paul Millsap57.7%
100%
Points8Paul Millsap1,708
100%
Steals8Alan Davis148
0%
GamesT2Alex Hamilton140
0%
Steals2Alex Hamilton215
0%
Assists5Alex Hamilton501
0%
Points2Alex Hamilton1,986
0%
Games1Amorie Archibald156
0%
Three Pointers Made5Amorie Archibald216
0%
Assists7Amorie Archibald475
0%
Points10Amorie Archibald1,632
0%
Rebounds6Anthony Dade846
0%
Field Goal Percent7Anthony Dade55.1%
0%
Points4Anthony Dade1,867
0%
Points Per Game8Anthony Dade15.4
0%
Blocks7Anthony Duruji85
0%
Rebounds8Antonio Meeking814
0%
Blocks10Antonio Meeking63
0%
Field Goal Percent8Antonio Meeking52.2%
0%
Assists8Brett Guillory465
0%
Three Pointers Made9Cordarius Johnson165
0%
GamesT6Cordarius Johnson136
0%
Assists4DaQuan Bracey508
0%
Three Pointers Made10DaQuan Bracey149
0%
Field Goal Percent9Dave Simmons51.9%
0%
Three Pointers Made8Derric Jean166
0%
Steals5Derric Jean158
0%
Assists10Derric Jean348
0%
Games5Derric Jean137
0%
Rebounds5Elliott Lawrence848
0%
Points Per Game10Erik McCree14.9
0%
Points5Gerrod Henderson1,829
0%
Steals3Gerrod Henderson191
0%
Points Per Game7Gerrod Henderson15.9
0%
Assists9Gerrod Henderson367
0%
Three Pointers Made6Gerrod Henderson209
0%
Steals9Jacobi Boykins145
0%
Games8Jacobi Boykins132
0%
Three Pointers Made1Jacobi Boykins269
0%
Points Per Game6Joe Ivory16.1
0%
Blocks5Joniah White124
0%
Steals10Kelvin Lewis144
0%
Assists6Kelvin Lewis478
0%
Blocks8Kendrick Spruel70
0%
Three Pointers Made2Kenyon McNeail224
0%
GamesT6Kenyon McNeail136
0%
Three Pointers Made4Kyle Gibson217
0%
Points9Kyle Gibson1,677
0%
Field Goal Percent10Lanky Wells49.9%
0%
Points Per Game5Lanky Wells18.4
0%
Steals6Lonnie Cooper153
0%
Three Pointers Made3Lonnie Cooper219
0%
Assists3Lonnie Cooper523
0%
Blocks6Magnum Rolle123
0%
Rebounds9Michale Kyser741
0%
Games4Michale Kyser139
0%
Blocks1Michale Kyser363
0%
Rebounds7Mike Green822
0%
Field Goal Percent2Mike Green58.0%
0%
Points Per Game1Mike Green27.4
0%
Points Per Game2Mike McConathy20.7
0%
Points1Mike McConathy2,033
0%
Rebounds10Olu Ashaolu725
0%
Rebounds3P.J. Brown1,017
0%
Blocks2P.J. Brown241
0%
Points6Raheem Appleby1,770
0%
GamesT9Raheem Appleby127
0%
Three Pointers Made7Raheem Appleby186
0%
Rebounds2Randy White1,048
0%
Points Per Game9Randy White15.3
0%
Points3Randy White1,947
0%
GamesT9Randy White127
0%
Blocks9Randy White66
0%
Field Goal Percent1Randy White59.2%
0%
Field Goal Percent5Robert Godbolt57.4%
0%
Steals1Speedy Smith258
0%
Assists1Speedy Smith858
0%
GamesT2Speedy Smith140
0%
Field Goal Percent4Victor King57.4%
0%
Assists2Wayne Smith712
0%
Steals4Wayne Smith185
0%
GamesT9Wayne Smith127
0%
Blocks3Willie Simmons222
0%

Score Distribution

Percentile by Number Answered

Percent of People with Each Score

Your Score History

You have not taken this quiz since the last reset